000 00651nam a2200205Ia 4500
003 GCL
008 140319s9999 xx 000 0 ara d
040 _aGCL /
_cGCL
082 0 4 _a953.09
_bع ت
100 1 _aعبدالعزيز سليمان نوار
245 1 0 _aتاريخ الشعوب الاسلامية /
_cعبدالعزيز سليمان نوار
260 _a[S.N] :
_bدار الفكر العربى
300 _a624 ص
490 _a
650 0 4 _aتاريخ
650 0 4 _aالفتوحات الاسلامية
650 0 4 _aالتاريخ الاسلامى
650 0 4 _aالامبراطورية العثمانية
942 _2ddc
_cBK
999 _c30908
_d30908